banner koha

Cachoeiro do Itapemirim e sua regiao de influencia. Plano do Desenvolvimento Agro-Industrial, estudos iniciais (Registro n. 56947)

MARC details
000 -LÍDER
campo de controle de tamanho fixo 00982nam a22003017a 4500
001 - NÚMERO DE CONTROLE
campo de controle BR6000545
003 - IDENTIFICADOR DO NÚMERO DE CONTROLE
campo de controle BR-BrBNA
005 - DATA E HORÁRIO DA ÚLTIMA TRANSAÇÃO
campo de controle 20230928095513.0
007 - CAMPO FIXO DE DESCRIÇÃO FÍSICA--INFORMAÇÃO GERAL
campo de controle de tamanho fixo ta
008 - CAMPO DE DADOS FIXOS--INFORMAÇÃO GERAL
campo de controle de tamanho fixo 230509b bl.||||| |||| 00| 0 por d
040 ## - FONTE DA CATALOGAÇÃO
Instituição da catalogação original BR-BrBNA
Idioma da catalogação por
Instituição que transcreveu o registro Biblioteca Nacional de Agricultura
041 ## - CÓDIGO DE IDIOMA
Código do idioma do texto/trilha sonora ou título diferente (Por)
072 ## - CÓDIGO DE CATEGORIA DE ASSUNTO
Código de Categoria de Assunto E14
090 ## - NÚMERO DE CHAMADA LOCAL
-- E14 BR6000545
110 1# - ENTRADA PRINCIPAL--NOME CORPORATIVO
Nome corporativo ou nome da jurisdição Servico Federal de Habitacao e Urbanismo, Rio de Janeiro, GB (Brasil). Escritorio Ary Garcia Rosa
9 (RLIN) 9343
245 1# - TÍTULO
Título Cachoeiro do Itapemirim e sua regiao de influencia. Plano do Desenvolvimento Agro-Industrial, estudos iniciais
260 3# - PUBLICAÇÃO, DISTRIBUIÇÃO, ETC.
Local de publicação, distribuição, etc. Rio de Janeiro, GB (Brasil):
Data da publicação, distribuição, etc. [nd].
300 ## - DESCRIÇÃO FÍSICA
Extensão 208 p.
500 ## - NOTA GERAL
Nota geral 48 illus.; Published after 1970
650 ## - ASSUNTO--TERMO TÓPICO
Cabeçalho tópico ou nome geográfico Desenvolvimento Agricola
650 ## - ASSUNTO--TERMO TÓPICO
Cabeçalho tópico ou nome geográfico Desenvolvimento Industrial
650 ## - ASSUNTO--TERMO TÓPICO
Cabeçalho tópico ou nome geográfico Planejamento Agricola
650 ## - ASSUNTO--TERMO TÓPICO
Cabeçalho tópico ou nome geográfico Setor Primario
650 ## - ASSUNTO--TERMO TÓPICO
Cabeçalho tópico ou nome geográfico Setor Secundario
650 ## - ASSUNTO--TERMO TÓPICO
Cabeçalho tópico ou nome geográfico Espirito Santo
909 ## -
-- 202309
-- Lucia
-- 55
-- Lucia Elande
942 ## - ELEMENTOS DE ENTRADA ADICIONADOS (KOHA)
Tipo de material Koha Livros
Exemplares
Situação do descarte Fonte da classificação ou esquema de arquivamento na estante Situação física Não pode ser emprestado Coleção Biblioteca de origem Biblioteca atual Total de empréstimos Número de telefone completo Código de barras Data de último acesso Número do exemplar Tipo de material Koha Situação das perdas Data de aquisição Fonte de aquisição
  Classificação AGRIS       Biblioteca Nacional de Agricultura - Binagri Biblioteca Nacional de Agricultura - Binagri   E14 BR6000545 E14 BR6000545 25/09/2023 01 Livros   2023-09-25 Portaria Interministerial nº 164/94

BINAGRI

Telefone: (61)3218-2567/2388/3357/2097 - binagri@agro.gov.br

Ministério da Agricultura e Pecuária , Esplanada dos Ministérios, Bloco D, Anexo B, Brasília/DF, CEP: 70.043-900